000 00809nam a22002537a 4500
003 OSt
005 20231101134443.0
008 221006b |||||||| |||| 00| 0 eng d
040 _cBiblioteca Lado V
082 _a708
_bL864c
100 _9261
_aLopez, Miguel A.
_eautor
245 _aCould be no.4:/
_bRadical anticipation/
260 _bSeMA
_aMediacity Seoul
_c2016
300 _c16 x 22 cm
_a56p.
366 _efre
366 _eeng
490 _a4
650 _2Tesauro de Arte & Arquitectura
_aARTE
_9703
650 _2Tesauro de Arte & Arquitectura
_aBIENAL
650 _2Tesauro de Arte & Arquitectura
_aESCULTURA
_9703
650 _2Tesauro de Arte & Arquitectura
_aPINTURA
650 _2Tesauro de Arte & Arquitectura
_aFOTOGRAFIA
_9702
942 _2ddc
_c1
_h708
_iL864c
_n0
999 _c4518
_d4518